000
00310nam a2200133 a 4500
001
4124
003
CDMR
005
20130116135252.0
008
130130s1989||||||||||||||||||||||||||||d
040
_a
CDMR
_b
cat
_c
CPC GIRONA
245
0
_a
Apunts de 10 anys (1979-1989)
_c
Varis
260
_c
1989
_b
EL PUNT
942
_c
MON
999
_c
4124
_d
4124